000
00288nam a22001337a 4500
008
180922b xxu||||| |||| 00| 0 eng d
020
_a
0387986103
041
_a
eng
080
_a
617
100
_a
5
101
_a
KIR
245
_a
Perioteneal Surgery
_c
Dizerega, G.S
942
_2
udc
_c
BK
999
_c
48282
_d
48282